Normal view
MARC view
- Keyser, Carl A
Entry Personal Name
001 - CONTROL NUMBER
- control field: 44913
003 - CONTROL NUMBER IDENTIFIER
- control field: NUST
005 - DATE AND TIME OF LATEST TRANSACTION
- control field: 20210314133118.0
008 - FIXED-LENGTH DATA ELEMENTS
- fixed length control field: 210314|| aca||aabn | a|a d
040 ## - CATALOGING SOURCE
- Original cataloging agency: NUST
- Transcribing agency: NUST
100 ## - HEADING--PERSONAL NAME
- Personal name: Keyser, Carl A
670 ## - SOURCE DATA FOUND
- Source citation: Work cat.: (NUST): Keyser, Carl A., Basic engineering metallurgy, 1952.
